LEADER 01473nam a2200289 i 4500 001 000000259290 003 CaOOAMICUS 005 20180727000000.0 008 180727s1989 xx u000 u mul u 013 $a238198 020 $a88-7013-082-7 040 $aSeMil$bita 100 1 $aEsser, Kajetan .$0(OLS)http://semarc/name/90338 245 14$aDie Opuscula des hl. Franziskus von Assisi :$bneue textkritische Edition /$cKajetan Esser. 250 $a2. erweiterte und verbesserte Auflage / besorgt von Engelbert Grau. 260 $aGrottaferrata (Romae) :$bEditiones Collegii S. Bonaventurae ad Claras Aquas,$c1989. 300 $aXLIV, 511 p. :$bill. ;$c24 cm. 490 0 $aSpicilegium Bonaventurianum ;$v13. 650 4$aFrancesco : d'Assisi - Opere.$0(OLS)http://semarc/subject/15059 700 1 $aGrau, Engelbert.$0(OLS)http://semarc/name/95070 830 0$aSpicilegium Bonaventurianum ;$v13.$0(OLS)http://semarc/title/542 850 $aSeMil 852 $aSeMil$W1$xVenegono$y1$m2N V 613$j209635$B209635$CSeMilBibl$Z2$F223302 $81 961 $aSottoscrizione: Frati Editori di Quaracchi 996 $6020$a88-7013-082-7$9(OLS)http://semarc/number/284949 996 $6245$aDie Opuscula des hl. Franziskus von Assisi :$bneue textkritische Edition$9(OLS)http://semarc/title/414076 996 $6260$aGrottaferrata (Romae) :$bEditiones Collegii S. Bonaventurae ad Claras Aquas$9(OLS)http://semarc/publisher/39928 LEADER 00838nam a2200229 i 4500 001 000000081211 003 CaOOAMICUS 005 20180528000000.0 008 180528s1982 it u000 u ita u 013 $a53451 040 $aSeMil$bita 245 10$aUmberto Boccioni. 260 $aBiella :$bAprile Ronda,$c1982. 300 $a153 p. :$bill. ;$c31 cm. 490 0 $aArchivi del Novecento ;$v1. 600 14$aBoccioni, Umberto <1882-1916>.$0(OLS)http://semarc/subject/25235 830 0$aArchivi del Novecento ;$v1.$0(OLS)http://semarc/title/404394 850 $aSeMil 852 $aSeMil$W1$xVenegono$y1$m5F X 63$j46499$B46499$CSeMilBibl$Z2$F48810 $81 961 $aOmaggio: Giacomoni Silvia 996 $6245$aUmberto Boccioni$9(OLS)http://semarc/title/189420 996 $6260$aBiella :$bAprile Ronda$9(OLS)http://semarc/publisher/56256